[Event "Klatovy op-A 29th"]
[Site "Klatovy"]
[Date "2023.07.07"]
[Round "7"]
[White "Jurek, Josef"]
[Black "Palek, Miroslav"]
[Result "1-0"]
[WhiteElo "2251"]
[BlackElo "2091"]
[PlyCount "79"]
[EventDate "2023.07.01"]
[EventType "swiss"]
[EventRounds "9"]
[EventCountry "CZE"]
[SourceTitle "CBM 215 Extra"]
[Source "ChessBase"]
[SourceDate "2023.09.30"]
[SourceVersion "1"]
[SourceVersionDate "2023.09.30"]
[SourceQuality "1"]

1. Nf3 Nf6 2. c4 g6 3. d4 Bg7 4. g3 0-0 5. Bg2 d6 6. Nc3 Nc6 7. 0-0 a6 8. d5 Na5 9. Nd2 c5 10. Qc2 Rb8 11. b3 b5 12. Bb2 bxc4 13. bxc4 e5 14. Rae1 Bh6 15. Ncb1 Nh5 16. Bc3 Bd7 17. e3 Ng7 18. Na3 Qc7 19. Rb1 Rfc8 20. Rb2 Nb7 21. Rfb1 Nd8 22. Nb3 Nb7 23. Bf1 Ne8 24. Qd2 Bf8 25. Bd3 Be7 26. Nc2 Bf8 27. Ne1 Be7 28. Qd1 Bf6 29. Nd2 Nd8 30. Ba5 Qa7 31. Bb6 Qa8 32. e4 Rb7 33. Bc2 Kf8 34. Ba4 Bb5 35. cxb5 Rxb6 36. Nc4 Rbb8 37. b6 Nb7 38. Bc6 a5 39. Qa4 Qa6 40. Rb5 1-0

[Event "Klatovy op-A 29th"]
[Site "Klatovy"]
[Date "2023.07.03"]
[Round "3"]
[White "Palek, Miroslav"]
[Black "Hosnedl, Jiri"]
[Result "1-0"]
[WhiteElo "2091"]
[BlackElo "1858"]
[PlyCount "39"]
[EventDate "2023.07.01"]
[EventType "swiss"]
[EventRounds "9"]
[EventCountry "CZE"]
[SourceTitle "CBM 215 Extra"]
[Source "ChessBase"]
[SourceDate "2023.09.30"]
[SourceVersion "1"]
[SourceVersionDate "2023.09.30"]
[SourceQuality "1"]

1. c4 e5 2. Nc3 Nc6 3. g3 h5 4. d3 Bb4 5. Bg2 Nge7 6. Bd2 d6 7. Nf3 Ng6 8. h4 Bg4 9. a3 Bxc3 10. bxc3 f5 11. Ng5 f4 12. Rb1 Bc8 13. Bd5 Rf8 14. Bf3 Rh8 15. e3 fxg3 16. fxg3 Nge7 17. Bxh5+ g6 18. Bg4 Nf5 19. e4 Ng7 20. 0-0 1-0

[Event "Pilsen Region-chT 2223"]
[Site "Czech Republic"]
[Date "2023.02.26"]
[Round "9.1"]
[White "Turner, Jan"]
[Black "Palek, Miroslav"]
[Result "1/2-1/2"]
[WhiteElo "2266"]
[BlackElo "2083"]
[PlyCount "87"]
[EventDate "2022.10.09"]
[EventType "team-tourn"]
[EventRounds "11"]
[EventCountry "CZE"]
[SourceTitle "EXT 2024"]
[Source "ChessBase"]
[SourceDate "2023.10.10"]
[SourceVersion "1"]
[SourceVersionDate "2023.10.10"]
[SourceQuality "1"]
[WhiteTeam "Tachov"]
[BlackTeam "Domazlice"]
[WhiteTeamCountry "CZE"]
[BlackTeamCountry "CZE"]

1. e4 e5 2. Nf3 Nc6 3. Bb5 a6 4. Bxc6 dxc6 5. d4 exd4 6. Qxd4 Qxd4 7. Nxd4 c5 8. Ne2 Bd7 9. Nbc3 0-0-0 10. Bf4 Bc6 11. f3 Ne7 12. Bg3 Ng6 13. Nf4 Nxf4 14. Bxf4 Bd6 15. Bxd6 Rxd6 16. Rd1 Rhd8 17. Rxd6 cxd6 18. Kf2 d5 19. exd5 Bxd5 20. Rd1 Bc6 21. Rxd8+ Kxd8 22. Ke3 Ke7 23. Ne2 f6 24. Nf4 Bd7 25. c3 Bf5 26. a3 a5 27. b4 axb4 28. cxb4 cxb4 29. axb4 Kd6 30. Kd4 Kc6 31. Ne2 Bg6 32. Nc3 Bf7 33. g3 Bh5 34. g4 Bf7 35. f4 h6 36. h4 Be6 37. f5 Bd7 38. Ke4 Kd6 39. Kf4 Bc6 40. h5 b6 41. b5 Bd7 42. Na4 Bxb5 43. Nxb6 Kc5 44. Nc8 1/2-1/2

[Event "Pilsen Region-chT 2223"]
[Site "Czech Republic"]
[Date "2023.01.29"]
[Round "7.1"]
[White "Holy, Filip"]
[Black "Palek, Miroslav"]
[Result "0-1"]
[WhiteElo "2064"]
[BlackElo "2083"]
[PlyCount "68"]
[EventDate "2022.10.09"]
[EventType "team-tourn"]
[EventRounds "11"]
[EventCountry "CZE"]
[SourceTitle "EXT 2024"]
[Source "ChessBase"]
[SourceDate "2023.10.10"]
[SourceVersion "1"]
[SourceVersionDate "2023.10.10"]
[SourceQuality "1"]
[WhiteTeam "Plzen Letna"]
[BlackTeam "Domazlice"]
[WhiteTeamCountry "CZE"]
[BlackTeamCountry "CZE"]

1. e4 c6 2. d4 d6 3. Nc3 Nd7 4. Nf3 e5 5. a4 a5 6. Bc4 Be7 7. h3 Ngf6 8. Ba2 0-0 9. 0-0 h6 10. Be3 Re8 11. Re1 Bf8 12. Nd2 Nb6 13. Qf3 Be6 14. d5 Bd7 15. Bb3 Rc8 16. Kh2 cxd5 17. exd5 Nh7 18. g4 Be7 19. Nb5 Rf8 20. Rg1 Kh8 21. Qg2 Bxb5 22. axb5 a4 23. Bxb6 Qxb6 24. Rxa4 Qxb5 25. Ne4 Ra8 26. Rga1 Rxa4 27. Rxa4 Ng5 28. Nc3 Qb6 29. h4 Nh7 30. Qg3 Qd8 31. Kh3 f5 32. gxf5 Rxf5 33. Rg4 Qf8 34. Kg2 Nf6 0-1

[Event "CZE-chT2A 2223"]
[Site "Czech Republic"]
[Date "2022.12.04"]
[Round "4.2"]
[White "Palek, Miroslav"]
[Black "Puncochar, Jiri"]
[Result "1-0"]
[WhiteElo "2083"]
[BlackElo "2061"]
[PlyCount "85"]
[EventDate "2022.10.16"]
[EventType "team-tourn"]
[EventRounds "11"]
[EventCountry "CZE"]
[SourceTitle "EXT 2024"]
[Source "ChessBase"]
[SourceDate "2023.10.10"]
[SourceVersion "1"]
[SourceVersionDate "2023.10.10"]
[SourceQuality "1"]
[WhiteTeam "Plzen"]
[BlackTeam "Budejovice II"]
[WhiteTeamCountry "CZE"]
[BlackTeamCountry "CZE"]

1. e4 e5 2. Nf3 Nc6 3. Bb5 a6 4. Ba4 Nf6 5. 0-0 Nxe4 6. d4 b5 7. Bb3 d5 8. dxe5 Be6 9. Qe2 Bc5 10. Be3 0-0 11. Rd1 Na5 12. Nbd2 Bxe3 13. Qxe3 Nxd2 14. Rxd2 Nc4 15. Bxc4 bxc4 16. b3 cxb3 17. axb3 Qc8 18. Qc5 Qb7 19. Rd4 Qb6 20. Ra5 Rfb8 21. Rda4 Qxc5 22. Rxc5 Ra7 23. Nd4 Rb6 24. f4 Rab7 25. f5 Bd7 26. Rxd5 c6 27. Rc5 Kf8 28. Kf2 Rb4 29. Rxb4 Rxb4 30. Ke3 Rb6 31. g4 Ke7 32. c3 Kd8 33. b4 Kc7 34. Ra5 Bc8 35. Kf4 Kd7 36. Nb3 Ke7 37. Ra1 Rb5 38. Nc5 Rb6 39. h4 Ke8 40. Ne4 Bd7 41. f6 g6 42. Nd6+ Kf8 43. Nc4 1-0

[Event "Pilsen Region-chT 2223"]
[Site "Czech Republic"]
[Date "2022.10.30"]
[Round "2.1"]
[White "Palek, Miroslav"]
[Black "Folk, Petr"]
[Result "1-0"]
[WhiteElo "2083"]
[BlackElo "2138"]
[PlyCount "81"]
[EventDate "2022.10.09"]
[EventType "team-tourn"]
[EventRounds "11"]
[EventCountry "CZE"]
[SourceTitle "EXT 2024"]
[Source "ChessBase"]
[SourceDate "2023.10.10"]
[SourceVersion "1"]
[SourceVersionDate "2023.10.10"]
[SourceQuality "1"]
[WhiteTeam "Domazlice"]
[BlackTeam "Line III"]
[WhiteTeamCountry "CZE"]
[BlackTeamCountry "CZE"]

1. e4 c5 2. Nc3 e6 3. f4 Nc6 4. Nf3 a6 5. d3 d5 6. g3 Nge7 7. Bg2 g6 8. 0-0 Bg7 9. Qe2 0-0 10. Nd1 b5 11. Nf2 Bb7 12. g4 Qc7 13. c3 b4 14. e5 a5 15. h4 h6 16. Nh1 Qd7 17. Ng3 Rae8 18. Bh3 Kh8 19. d4 cxd4 20. cxd4 f5 21. exf6 Bxf6 22. Be3 Bg7 23. Qd2 Ng8 24. h5 gxh5 25. Nxh5 Nf6 26. Nxf6 Rxf6 27. g5 Rff8 28. Bg4 Ba6 29. Rf2 hxg5 30. fxg5 Qd6 31. Qc2 Kg8 32. Qg6 Bc8 33. Kg2 Ne7 34. Qh5 Nf5 35. Bxf5 exf5 36. g6 Rf6 37. Ne5 Rxe5 38. dxe5 Rxg6+ 39. Kh1 Bxe5 40. Rg1 Bg3 41. Bf4 1-0

[Event "Klatovy op 28th"]
[Site "Klatovy"]
[Date "2022.07.04"]
[Round "3"]
[White "Palek, Miroslav"]
[Black "Novotny, Jaroslav2222"]
[Result "1/2-1/2"]
[WhiteElo "2125"]
[BlackElo "1911"]
[PlyCount "118"]
[EventDate "2022.07.02"]
[EventType "swiss"]
[EventRounds "9"]
[EventCountry "CZE"]
[SourceTitle "EXT 2023"]
[Source "ChessBase"]
[SourceDate "2022.10.05"]
[SourceVersion "1"]
[SourceVersionDate "2022.10.05"]
[SourceQuality "1"]

1. e4 c5 2. Nf3 d6 3. Bb5+ Nc6 4. 0-0 Bd7 5. Re1 e6 6. c3 Be7 7. d4 cxd4 8. cxd4 a6 9. Bf1 Nf6 10. Nc3 0-0 11. d5 exd5 12. exd5 Na7 13. Qb3 b5 14. h3 Re8 15. Be3 Bf8 16. Red1 Ne4 17. Rac1 Nxc3 18. Rxc3 Nc8 19. Nd4 Ne7 20. Nc6 Nxc6 21. dxc6 Be6 22. c7 Qd7 23. Qc2 Rac8 24. a4 d5 25. axb5 axb5 26. Rc6 Bd6 27. Bb6 Bf5 28. Qc1 Be6 29. Ba5 Re7 30. Bxb5 Bxc7 31. Rxc7 Rxc7 32. Bxd7 Rxc1 33. Rxc1 Bxd7 34. Rc7 f6 35. Bb4 Rf7 36. Rc5 Be6 37. Rc6 Rb7 38. Rxe6 Rxb4 39. Re2 Kf7 40. Kf1 f5 41. Ke1 Kf6 42. Kd1 g5 43. Kc2 h5 44. f3 g4 45. fxg4 hxg4 46. hxg4 Rxg4 47. Kc3 Rc4+ 48. Kd3 Rb4 49. Kc2 Kg5 50. b3 Rg4 51. Kc3 Rg3+ 52. Kc2 Kf4 53. b4 d4 54. Rd2 Rc3+ 55. Kd1 Ke4 56. Re2+ Kd3 57. Rf2 Ke4 58. Re2+ Kd3 59. Rf2 Ke4 1/2-1/2

[Event "Marianske Lazne op 50+"]
[Site "Marianske Lazne"]
[Date "2022.01.20"]
[Round "7"]
[White "Spanton, Timothy"]
[Black "Palek, Miroslav"]
[Result "1/2-1/2"]
[WhiteElo "1825"]
[BlackElo "2115"]
[PlyCount "150"]
[EventDate "2022.01.15"]
[EventType "swiss"]
[EventRounds "9"]
[EventCountry "CZE"]
[SourceTitle "EXT 2023"]
[Source "ChessBase"]
[SourceDate "2022.10.05"]
[SourceVersion "1"]
[SourceVersionDate "2022.10.05"]
[SourceQuality "1"]

1. Nc3 g6 2. e4 Bg7 3. Nf3 d6 4. d4 Nf6 5. Be2 0-0 6. 0-0 c6 7. a4 Qc7 8. h3 Nbd7 9. Be3 b6 10. Qd2 Re8 11. Rfe1 a6 12. e5 Nd5 13. exd6 Qxd6 14. Nxd5 cxd5 15. Bf4 Qc6 16. Ne5 Nxe5 17. Bxe5 f6 18. Bg3 Be6 19. Bf3 Bf7 20. c4 Ra7 21. Rec1 Qd7 22. a5 b5 23. cxb5 Qxb5 24. Rc5 Qd7 25. Rac1 e5 26. dxe5 Bf8 27. e6 Bxe6 28. Rc7 Rxc7 29. Rxc7 Qb5 30. Qd4 Be7 31. Qa7 Bf8 32. Rxh7 Qxa5 33. Rc7 Qa1+ 34. Kh2 Qxb2 35. Qxa6 Qa3 36. Qc6 Qa8 37. Rb7 Re7 38. Bxd5 Qxb7 39. Qxb7 Rxb7 40. Bxb7 Bc5 41. Be4 Kf7 42. Bd3 Bd5 43. Kg1 Kg7 44. Bc7 Kf7 45. h4 Kg7 46. g3 Bf3 47. Bf1 Kf7 48. Bg2 Be2 49. Bd5+ Kg7 50. Kg2 Bg4 51. f3 Bf5 52. g4 Bd3 53. Kg3 Be3 54. Bd6 Bd2 55. Bc5 Be1+ 56. Bf2 Bd2 57. f4 Be2 58. Be4 Kf7 59. f5 gxf5 60. Bxf5 Kg7 61. Be4 Kf7 62. h5 Kg7 63. Bf3 Bc4 64. Bd4 Be6 65. Be4 Bg5 66. Kf3 Bb3 67. Kg3 Kf7 68. Bg6+ Kg7 69. Bc5 Bd5 70. Bf5 Bc6 71. Be7 Kf7 72. Bd6 Ba4 73. Bf4 Kg7 74. Bxg5 fxg5 75. Kf3 Kh6 1/2-1/2

[Event "Marianske Lazne op 50+"]
[Site "Marianske Lazne"]
[Date "2022.01.19"]
[Round "6"]
[White "Palek, Miroslav"]
[Black "Adrian, Claude"]
[Result "0-1"]
[WhiteElo "2115"]
[BlackElo "2180"]
[PlyCount "55"]
[EventDate "2022.01.15"]
[EventType "swiss"]
[EventRounds "9"]
[EventCountry "CZE"]
[SourceTitle "EXT 2023"]
[Source "ChessBase"]
[SourceDate "2022.10.05"]
[SourceVersion "1"]
[SourceVersionDate "2022.10.05"]
[SourceQuality "1"]

1. e4 e6 2. d4 d5 3. exd5 exd5 4. Nf3 Bg4 5. h3 Bh5 6. Bd3 Nc6 7. c3 Bd6 8. 0-0 Nge7 9. Re1 Qd7 10. Nbd2 0-0-0 11. b4 Rde8 12. Qa4 Kb8 13. b5 Nd8 14. Ne5 Bxe5 15. Rxe5 Bg6 16. Bf1 Nf5 17. Rxe8 Rxe8 18. Nf3 f6 19. Qb3 Nd6 20. a4 Be4 21. Nd2 g5 22. a5 g4 23. hxg4 Qxg4 24. f3 Qg3 25. c4 dxc4 26. Nxc4 Bd5 27. Bd2 Nxc4 28. Bxc4 0-1

[Event "Marianske Lazne op 50+"]
[Site "Marianske Lazne"]
[Date "2022.01.16"]
[Round "2"]
[White "Sielicki, Tomasz"]
[Black "Palek, Miroslav"]
[Result "0-1"]
[WhiteElo "1876"]
[BlackElo "2115"]
[PlyCount "88"]
[EventDate "2022.01.15"]
[EventType "swiss"]
[EventRounds "9"]
[EventCountry "CZE"]
[SourceTitle "EXT 2023"]
[Source "ChessBase"]
[SourceDate "2022.10.05"]
[SourceVersion "1"]
[SourceVersionDate "2022.10.05"]
[SourceQuality "1"]

1. d4 Nf6 2. c4 c5 3. d5 e5 4. Nc3 d6 5. e4 Be7 6. g3 Nbd7 7. Bg2 Nf8 8. h4 h5 9. Bh3 Ng4 10. Nge2 Ng6 11. f3 Nxh4 12. fxg4 hxg4 13. gxh4 Bxh4+ 14. Kd2 gxh3 15. Kc2 g5 16. Be3 f5 17. exf5 Bxf5+ 18. Kd2 Qd7 19. Qg1 0-0-0 20. Ng3 Bg6 21. Nge4 Bxe4 22. Nxe4 Qf5 23. Nxd6+ Rxd6 24. Rf1 Qe4 25. Bxc5 Rd7 26. Bxa7 Qxc4 27. Rc1 Rxd5+ 28. Bd4 Be1+ 29. Qxe1 Rxd4+ 30. Ke3 Re4+ 31. Kf3 Rf4+ 32. Ke3 Re4+ 33. Kf3 Rf8+ 34. Kg3 Rg4+ 35. Kh2 Rg2+ 36. Kxh3 Rc2 37. Rxc2 Qxc2 38. Qc3+ Qxc3+ 39. bxc3 Rh8+ 40. Kg2 Rxh1 41. Kxh1 e4 42. Kg2 g4 43. Kg3 e3 44. a4 Kc7 0-1

[Event "Plzen Calliditas op"]
[Site "Plzen"]
[Date "2020.08.29"]
[Round "8"]
[White "Vilimek, Vit"]
[Black "Palek, Miroslav"]
[Result "0-1"]
[WhiteElo "1761"]
[BlackElo "2158"]
[PlyCount "114"]
[EventDate "2020.08.23"]
[EventType "swiss"]
[EventRounds "9"]
[EventCountry "CZE"]
[SourceTitle "CBM 198 Extra"]
[Source "ChessBase"]
[SourceDate "2020.11.30"]
[SourceVersion "1"]
[SourceVersionDate "2020.11.30"]
[SourceQuality "1"]

1. e4 c5 2. b4 d6 3. a3 Nf6 4. Nc3 g6 5. Bb2 Bg7 6. Nd5 Nbd7 7. Bb5 0-0 8. d3 e6 9. Nxf6+ Nxf6 10. Ne2 a6 11. Ba4 b5 12. Bb3 Bb7 13. 0-0 Qc7 14. Rc1 c4 15. Ba2 e5 16. f3 d5 17. exd5 Nxd5 18. Qd2 Qb6+ 19. d4 c3 20. Nxc3 Nxc3 21. Bxc3 exd4 22. Ba1 Rfd8 23. Qd3 Bc8 24. Kh1 Bf5 25. Qd2 Rac8 26. Qf4 Qc7 27. Qxc7 Rxc7 28. Bb3 d3 29. cxd3 Rxc1 30. Rxc1 Rxd3 31. Bc2 Rxa3 32. Bxf5 Bxa1 33. Bc8 Bc3 34. Rb1 Bxb4 35. Kg1 Bc3 36. Bb7 b4 37. Bd5 a5 38. Kf2 a4 39. Ke2 b3 40. Kd3 Be5 41. h3 b2+ 42. Kc2 Ra1 43. Rxb2 Bxb2 44. Kxb2 Rd1 45. Be4 Rd2+ 46. Ka3 Rxg2 47. Kxa4 Rh2 48. Kb4 Rxh3 49. Kc3 h5 50. Kd2 h4 51. Ke3 Rg3 52. Kf2 Rg5 53. f4 Rg4 54. Kf3 f5 55. Bc6 h3 56. Ke3 h2 57. Kf2 Rg1 0-1

[Event "Plzen Calliditas op"]
[Site "Plzen"]
[Date "2020.08.28"]
[Round "7"]
[White "Kozak, Milos"]
[Black "Palek, Miroslav"]
[Result "1/2-1/2"]
[WhiteElo "2135"]
[BlackElo "2158"]
[PlyCount "54"]
[EventDate "2020.08.23"]
[EventType "swiss"]
[EventRounds "9"]
[EventCountry "CZE"]
[SourceTitle "CBM 198 Extra"]
[Source "ChessBase"]
[SourceDate "2020.11.30"]
[SourceVersion "1"]
[SourceVersionDate "2020.11.30"]
[SourceQuality "1"]

1. d4 Nf6 2. c4 c5 3. d5 e5 4. Nc3 d6 5. e4 Be7 6. g3 Na6 7. Bg2 Nc7 8. Nge2 h5 9. h4 Bd7 10. a4 Rb8 11. Ng1 a6 12. a5 b5 13. axb6 Rxb6 14. Bh3 0-0 15. b3 Ng4 16. f3 Nf6 17. Ra3 Nfe8 18. Kf1 Qc8 19. Kg2 g6 20. Bxd7 Qxd7 21. Nh3 Ng7 22. Bh6 Rfb8 23. Qc2 Kh7 24. Bd2 Kg8 25. Bh6 Kh7 26. Bd2 Kg8 27. Bh6 Kh7 1/2-1/2

[Event "Plzen Calliditas op"]
[Site "Plzen"]
[Date "2020.08.26"]
[Round "5"]
[White "Palek, Miroslav"]
[Black "Haba, Zdenek"]
[Result "1/2-1/2"]
[WhiteElo "2158"]
[BlackElo "2163"]
[PlyCount "30"]
[EventDate "2020.08.23"]
[EventType "swiss"]
[EventRounds "9"]
[EventCountry "CZE"]
[SourceTitle "CBM 198 Extra"]
[Source "ChessBase"]
[SourceDate "2020.11.30"]
[SourceVersion "1"]
[SourceVersionDate "2020.11.30"]
[SourceQuality "1"]

1. e4 e5 2. Nf3 Nc6 3. Bb5 a6 4. Ba4 Nf6 5. 0-0 Nxe4 6. d4 exd4 7. Re1 d5 8. Nxd4 Bd6 9. Nxc6 Bxh2+ 10. Kxh2 Qh4+ 11. Kg1 Qxf2+ 12. Kh2 Qh4+ 13. Kg1 Qf2+ 14. Kh2 Qh4+ 15. Kg1 Qf2+ 1/2-1/2

[Event "Plzen Calliditas op"]
[Site "Plzen"]
[Date "2020.08.25"]
[Round "4"]
[White "Tscharotschkin, Michael"]
[Black "Palek, Miroslav"]
[Result "0-1"]
[WhiteElo "2174"]
[BlackElo "2158"]
[PlyCount "76"]
[EventDate "2020.08.23"]
[EventType "swiss"]
[EventRounds "9"]
[EventCountry "CZE"]
[SourceTitle "CBM 198 Extra"]
[Source "ChessBase"]
[SourceDate "2020.11.30"]
[SourceVersion "1"]
[SourceVersionDate "2020.11.30"]
[SourceQuality "1"]

1. e4 d6 2. d4 Nf6 3. f3 Nbd7 4. c4 e5 5. d5 c5 6. Nc3 Be7 7. g3 0-0 8. Bg2 Ne8 9. Nge2 a6 10. 0-0 Rb8 11. a4 Nc7 12. Qd3 b5 13. axb5 axb5 14. cxb5 Nb6 15. Be3 c4 16. Qd2 Bd7 17. Ra5 f5 18. Rfa1 fxe4 19. fxe4 Rb7 20. Kh1 Qb8 21. Ng1 Nc8 22. Bf1 Nxb5 23. Bxc4 Nd4 24. R5a2 Rb4 25. b3 Nxb3 26. Bxb3 Rxb3 27. Rc2 Qb4 28. Qd3 Bd8 29. Re1 Bb6 30. Kg2 Bxe3 31. Qxe3 Nb6 32. Nge2 Bg4 33. Ng1 Na4 34. Rec1 Nxc3 35. Rxc3 Rxc3 36. Rxc3 Qb2+ 37. Kh1 Rf2 38. Rc8+ Bxc8 0-1

[Event "Plzen Calliditas op"]
[Site "Plzen"]
[Date "2020.08.24"]
[Round "2"]
[White "Mlcak, Viktor"]
[Black "Palek, Miroslav"]
[Result "0-1"]
[WhiteElo "1803"]
[BlackElo "2158"]
[PlyCount "80"]
[EventDate "2020.08.23"]
[EventType "swiss"]
[EventRounds "9"]
[EventCountry "CZE"]
[SourceTitle "CBM 198 Extra"]
[Source "ChessBase"]
[SourceDate "2020.11.30"]
[SourceVersion "1"]
[SourceVersionDate "2020.11.30"]
[SourceQuality "1"]

1. e4 c5 2. a3 Nc6 3. b4 e5 4. b5 Nd4 5. c3 Ne6 6. Nf3 Nf6 7. Nxe5 d6 8. Nf3 Nxe4 9. d4 d5 10. Be2 c4 11. Qc2 Qc7 12. Ne5 Nd6 13. a4 a6 14. bxa6 Rxa6 15. 0-0 f6 16. Nf3 Be7 17. Re1 0-0 18. Nbd2 Nf4 19. Ba3 Qd8 20. Bxd6 Bxd6 21. Nf1 Re8 22. Ne3 Nxe2+ 23. Rxe2 Bf8 24. Nh4 Ra5 25. Qd1 Bd7 26. Rb2 Qa8 27. Qf3 Bc6 28. Rba2 b5 29. Nhf5 Rxa4 30. Rxa4 bxa4 31. Qg3 g6 32. Nh4 Qb8 33. Qf3 Qd6 34. g3 Rb8 35. Nc2 Rb3 36. Ng2 Kf7 37. Nf4 Qd7 38. Ne2 Qb7 39. Kg2 Rb1 40. Ra2 Qb3 0-1

[Event "CZE-chT2A 1920"]
[Site "Czech Republic"]
[Date "2020.06.27"]
[Round "10.1"]
[White "Palek, Miroslav"]
[Black "Miesbauer, Jan"]
[Result "0-1"]
[WhiteElo "2160"]
[BlackElo "2384"]
[PlyCount "56"]
[EventDate "2019.10.13"]
[EventType "team-tourn"]
[EventRounds "11"]
[EventCountry "CZE"]
[SourceTitle "EXT 2024"]
[Source "ChessBase"]
[SourceDate "2023.10.10"]
[SourceVersion "1"]
[SourceVersionDate "2023.10.10"]
[SourceQuality "1"]
[WhiteTeam "Domazlice"]
[BlackTeam "Pisek"]
[WhiteTeamCountry "CZE"]
[BlackTeamCountry "CZE"]

1. e4 e5 2. g3 Nf6 3. Bg2 Bc5 4. Ne2 Nc6 5. 0-0 h5 6. h3 d6 7. c3 Bb6 8. d4 h4 9. g4 Nxg4 10. hxg4 Bxg4 11. f3 Bd7 12. Kh2 h3 13. Bh1 f5 14. Be3 f4 15. Bf2 Qf6 16. a4 g5 17. b4 a5 18. b5 Ne7 19. Nd2 0-0-0 20. Nc4 Rdg8 21. dxe5 dxe5 22. Bxb6 g4 23. Bf2 g3+ 24. Nxg3 fxg3+ 25. Bxg3 Rxg3 26. Kxg3 Qh4+ 27. Kh2 Qf4+ 28. Kg1 Qg3+ 0-1

[Event "Marianske Lazne op Seniors"]
[Site "Marianske Lazne"]
[Date "2020.01.21"]
[Round "4"]
[White "Palek, Miroslav"]
[Black "Malinovsky, Petr"]
[Result "1/2-1/2"]
[WhiteElo "2158"]
[BlackElo "2091"]
[PlyCount "26"]
[EventDate "2020.01.18"]
[EventType "swiss"]
[EventRounds "9"]
[EventCountry "CZE"]
[SourceTitle "EXT 2022"]
[Source "ChessBase"]
[SourceDate "2021.10.06"]
[SourceVersion "1"]
[SourceVersionDate "2021.10.06"]
[SourceQuality "1"]

1. e4 c5 2. Nf3 g6 3. h4 Nf6 4. h5 Nc6 5. hxg6 fxg6 6. Nc3 Bg7 7. d3 e6 8. Bg5 Qa5 9. Qd2 Ng4 10. Rh4 h5 11. Nh2 Nge5 12. Be2 Nf7 13. Be3 Bf6 1/2-1/2

[Event "Marianske Lazne op Seniors"]
[Site "Marianske Lazne"]
[Date "2020.01.18"]
[Round "1"]
[White "Wacker, Manfred"]
[Black "Palek, Miroslav"]
[Result "0-1"]
[WhiteElo "1747"]
[BlackElo "2158"]
[PlyCount "34"]
[EventDate "2020.01.18"]
[EventType "swiss"]
[EventRounds "9"]
[EventCountry "CZE"]
[SourceTitle "EXT 2022"]
[Source "ChessBase"]
[SourceDate "2021.10.06"]
[SourceVersion "1"]
[SourceVersionDate "2021.10.06"]
[SourceQuality "1"]

1. d4 Nf6 2. c4 c5 3. d5 e5 4. dxe6 fxe6 5. Nc3 Be7 6. g3 0-0 7. Bg2 Nc6 8. Nf3 Kh8 9. Bf4 d6 10. e4 e5 11. Bg5 Nd4 12. Qd3 Bg4 13. Nxd4 cxd4 14. Ne2 Nd7 15. Bxe7 Qxe7 16. 0-0 Nc5 17. Qd2 Bf3 0-1

[Event "CZE-chT2B 1819"]
[Site "Czech Republic"]
[Date "2019.03.31"]
[Round "11.6"]
[White "Kudrlicka, Ladislav"]
[Black "Palek, Miroslav"]
[Result "1/2-1/2"]
[WhiteElo "2023"]
[BlackElo "2162"]
[PlyCount "104"]
[EventDate "2018.10.14"]
[EventType "team-tourn"]
[EventRounds "11"]
[EventCountry "CZE"]
[SourceTitle "EXT 2022"]
[Source "ChessBase"]
[SourceDate "2021.10.06"]
[SourceVersion "1"]
[SourceVersionDate "2021.10.06"]
[SourceQuality "1"]
[WhiteTeam "Teplice"]
[BlackTeam "Podborany"]
[WhiteTeamCountry "CZE"]
[BlackTeamCountry "CZE"]

1. d4 Nf6 2. Nf3 e6 3. Bg5 Be7 4. Nbd2 d5 5. e3 h6 6. Bh4 Ne4 7. Bxe7 Qxe7 8. Nxe4 dxe4 9. Nd2 f5 10. Qh5+ Qf7 11. Qxf7+ Kxf7 12. Bc4 Nd7 13. 0-0 Ke7 14. f3 exf3 15. Rxf3 Rf8 16. e4 fxe4 17. Re3 Nf6 18. Nxe4 Nxe4 19. Rxe4 Kd6 20. Rg4 g5 21. h4 Rg8 22. Rf1 Ke7 23. Re4 c6 24. Rfe1 Rg6 25. hxg5 hxg5 26. Kh2 Bd7 27. Kg3 Rh8 28. Re5 b6 29. Bd3 Rg7 30. Bc4 Rh6 31. c3 Kd6 32. Rf1 Ke7 33. Rff5 Rhg6 34. Kg4 Rf6 35. Rxg5 Rxg5+ 36. Kxg5 Rf2 37. Re2 Rf5+ 38. Kh4 Kf6 39. g4 Rf3 40. Bb3 c5 41. g5+ Kf7 42. dxc5 bxc5 43. Re5 c4 44. Bd1 Rf2 45. Bh5+ Ke7 46. Re2 Rf1 47. Kg3 Bc6 48. Rf2 Rg1+ 49. Kf4 e5+ 50. Kxe5 Rxg5+ 51. Rf5 Rxf5+ 52. Kxf5 Kd6 1/2-1/2

[Event "CZE-chT2B 1819"]
[Site "Czech Republic"]
[Date "2019.02.10"]
[Round "8.5"]
[White "Palek, Miroslav"]
[Black "Sejkora, Vlastimil"]
[Result "1/2-1/2"]
[WhiteElo "2162"]
[BlackElo "2111"]
[PlyCount "45"]
[EventDate "2018.10.14"]
[EventType "team-tourn"]
[EventRounds "11"]
[EventCountry "CZE"]
[SourceTitle "EXT 2022"]
[Source "ChessBase"]
[SourceDate "2021.10.06"]
[SourceVersion "1"]
[SourceVersionDate "2021.10.06"]
[SourceQuality "1"]
[WhiteTeam "Podborany"]
[BlackTeam "Decin"]
[WhiteTeamCountry "CZE"]
[BlackTeamCountry "CZE"]

1. e4 e5 2. Nf3 Nc6 3. Bb5 d6 4. c3 Nf6 5. Qe2 Be7 6. 0-0 Bg4 7. Rd1 0-0 8. h3 Bh5 9. d3 h6 10. Nbd2 Nh7 11. Nf1 Ng5 12. Bxg5 Bxg5 13. Ng3 Bxf3 14. Qxf3 Ne7 15. Nf5 g6 16. Nxe7+ Qxe7 17. d4 c6 18. Ba4 Kg7 19. dxe5 dxe5 20. Rd3 Rad8 21. Rad1 Rxd3 22. Rxd3 Rd8 23. Bb3 1/2-1/2

[Event "CZE-chT2B 1819"]
[Site "Czech Republic"]
[Date "2019.01.13"]
[Round "6.5"]
[White "Palek, Miroslav"]
[Black "Hlavacek, Tomas"]
[Result "1-0"]
[WhiteElo "2162"]
[BlackElo "2044"]
[PlyCount "97"]
[EventDate "2018.10.14"]
[EventType "team-tourn"]
[EventRounds "11"]
[EventCountry "CZE"]
[SourceTitle "EXT 2022"]
[Source "ChessBase"]
[SourceDate "2021.10.06"]
[SourceVersion "1"]
[SourceVersionDate "2021.10.06"]
[SourceQuality "1"]
[WhiteTeam "Podborany"]
[BlackTeam "Karlovy Vary Tietz II"]
[WhiteTeamCountry "CZE"]
[BlackTeamCountry "CZE"]

1. e4 e5 2. Nf3 Nc6 3. Bb5 a6 4. Ba4 Nf6 5. 0-0 Nxe4 6. d4 b5 7. Bb3 d5 8. dxe5 Be6 9. c3 Bc5 10. Nbd2 0-0 11. Bc2 Bf5 12. Nb3 Bb6 13. Nfd4 Nxd4 14. cxd4 Bg6 15. Be3 Ng5 16. Bxg6 hxg6 17. Bxg5 Qxg5 18. Rc1 Qf5 19. Qc2 Qxc2 20. Rxc2 Rfe8 21. Nc5 Re7 22. f4 Kf8 23. Rf3 Bxc5 24. Rxc5 Rd7 25. Ra3 Ke7 26. Rxb5 axb5 27. Rxa8 c5 28. dxc5 d4 29. Kf2 Ke6 30. Ra6+ Ke7 31. Rd6 Rc7 32. c6 Rc8 33. Ke2 f6 34. Kd3 g5 35. g3 gxf4 36. gxf4 Rh8 37. c7 Rc8 38. Rc6 Kd7 39. Rc2 fxe5 40. fxe5 Ke6 41. Kxd4 b4 42. Rc6+ Kd7 43. Kd5 g5 44. Rg6 Rh8 45. Rg7+ Kc8 46. Kd6 g4 47. Rd7 Rh6+ 48. e6 Kb7 49. Rd8 1-0